000 01076nam a22002777a 4500
005 20210325204803.0
008 s2550 th tha d
020 _a9789749456156
041 _atha
050 _aAC 159 ภ375ค 2550 ล.3
100 0 _aภัทราพร สังข์พวงทอง
245 1 0 _aความรู้นอกกะลา3 (ทรัพยากรธรรมชาติ) [2nd]
260 3 _aกรุงเทพฯ :
_bพิมพ์บูรพา,
_c2550
300 _a119 หน้า :
_b ภาพประกอบ ;
_c 18 ซม.
650 0 4 _aไม้สัก
650 0 4 _aมะพร้าว
650 0 4 _aอัญมณี
650 0 4 _aกระดาษ
650 0 4 _aปูเค็ม
650 0 4 _aความรู้ทั่วไป
850 _aNALT
942 _cGB
997 _a37255 ฉ.1 /37256 ฉ.2
997 _c000000000061817
998 _aนางสาวชัชฎา จูฑะรักษ์
999 _c61817
_d61817